01256nam a2200181 i 450000100060000000300090000600500170001500700030003200800410003510000440007624501060012026000540022630000470028050506510032770000420097870000230102085200310104321822ES-MaACL20250821111909.0t|021128s1943 sp ||||1| spa d1 aAlarcón, Pedro Antonio de,d1833-189110aObras completas / cde Pedro A. de Alarcón ; con un comento preliminar por Luis Martínez Kleiser. aMadrid : bFax, c[1943] (fSucs. de Rivadeneyra) aXXXII, 1919 p. : b1 retr. aut. ; c20 cm.8 aContiene: Un viaje por el interio de su alma y a lo largo de su vida. Historia de mis libros. Novelas cortas (I): cuentos amatorios. Novelas cortas (II): historietas nacionales. Novelas cortas (III): narraciones inverosímiles. Poesías seriadas y humorísticas. El hijo pródigo. El final de Norma. El sombrero de tres picos. El escándalo. El niño de la bola. El capitán Veneno. La pródiga. Diario de un testigo de la guerra de Africa. Viajes por España. De Madrid a Nápoles. La Alpujarra. Cosas que fueron. Juicios literarios y artísticos. Ultimos escritos. Biografía de Don Pedro Antonio de Alarcón / por Mariano Catalina1 aMartínez Kleiser, Luis, d1883-19711 aCatalina, Mariano. aES-MaACLjD-4705 bR.28529